Statistics for Blue Things

Click here to take the quiz!

General Stats

  • This quiz has been taken 7 times
  • The average score is 9 of 15

Answer Stats

Answer% Correct
Blueberry
100%
Butterfly
100%
Water
83%
Sky
83%
Blue Jeans
83%
Swedish Flag
67%
Earth
67%
Australian Flag
50%
Greek Flag
50%
Mountains
50%
Waterfalls
50%
Blue Jay
33%
Lakes
33%
Argentina Flag
17%
Forget Me Not Flowers
0%

Score Distribution

Percentile by Number Answered

Percent of People with Each Score

Your Score History

You have not taken this quiz